Trestná zodpovednosť právnických osôb

Dňa 13. 11. 2015 Národná rada Slovenskej republiky prijala zákon o trestnej zodpovednosti právnických osôb a o zmene a doplnení niektorých zákonov, ktorý bol v Zbierke zákonov publikovaný ako zákon č. 91/2016 Z. z. Zákon o trestnej zodpovednosti právnických osôb nadobudol účinnosť dňa 1. 7. 2016.

Salvato in:
Dettagli Bibliografici
Autore principale: Mičudová, Tatiana
Natura: Capitolo di libro
Lingua:slovacco
Soggetti:
Tags: Aggiungi Tag
Nessun Tag, puoi essere il primo ad aggiungerne!!

MARC

LEADER 00000naa a2200000 4500
001 0223489
005 20231208091617.1
041 0 |a slo 
044 |a SK 
245 1 0 |a Trestná zodpovednosť právnických osôb  |c Tatiana Mičudová 
520 |a Dňa 13. 11. 2015 Národná rada Slovenskej republiky prijala zákon o trestnej zodpovednosti právnických osôb a o zmene a doplnení niektorých zákonov, ktorý bol v Zbierke zákonov publikovaný ako zákon č. 91/2016 Z. z. Zákon o trestnej zodpovednosti právnických osôb nadobudol účinnosť dňa 1. 7. 2016. 
610 2 0 |a Slovensko 
610 2 0 |a zákony 
610 2 0 |a osoby právnické 
610 2 0 |a zodpovednosť organizácie 
610 2 0 |a zodpovednosť právna 
100 1 |a Mičudová, Tatiana